| 000 | 00385nam a22001577a 4500 | ||
|---|---|---|---|
| 005 | 20251119121705.0 | ||
| 082 | _a621 CHI | ||
| 100 |
_aChithrakumar _91111 |
||
| 100 |
_aVishnu Vijayan _91018 |
||
| 245 | _aIntroduction to Mechanical Engineering and Civil Engineering | ||
| 250 | _a1 | ||
| 260 |
_aOwl Books _bTrivandrum _c2025 |
||
| 546 | _aEnglish | ||
| 650 |
_aME _970 |
||
| 942 | _cBK | ||
| 999 |
_c38020 _d38020 |
||